Normal view
MARC view
- Bachmann, Ingeborg,
Entry Nombre Personal
001 - NUMERO DE CONTROL
- campo de control: 34701
003 - IDENTIFICADOR DE NUMERO DE CONTROL
- campo de control: UPN
005 - FECHA Y HORA DE LA ÜLTIMA TRANSACCIÓN
- campo de control: 20210219194455.0
008 - DATOS DE LONGITUD FIJA
- campo de control de longitud fija: nabaccnnaabn|||||||||| b |nc|||||d
035 ## - NUMERO DE CONTROL
- Número de control: UPN11000006808
040 ## - FUENTE DE CATALOGACIÓN
- Lenguaje de catalogación: SPA
- Agencia de transcripción: UPN
053 #4 - NÚMERO DE CLASIFICACIÓN LC
- Número de clasificación elemento-número único o número inicial de tramo: PT2603 A1.47
100 1# - ENCABEZAMIENTO - NOMBRE PERSONAL
- Nombre personal: Bachmann, Ingeborg,
- Fechas asociadas con el nombre: 1926-1973
670 ## - FUENTE EN LA QUE SE LOCALIZARON DATOS
- Cita de la fuente: T
- Información localizada: Wikipedia
680 ## - NOTA PUBLICA DE ACCESO PÚBLICO
- Encabezamiento o subdivisión: Poetisa y autora austriaca. Fue una de las más destacadas escritoras en lengua alemana del siglo XX
902 ## - CATALOGADOR
- Catalogador: MCM/280114
